[Event "74th Tata Steel GMA"]
[Site "Wijk aan Zee NED"]
[Date "2012.01.14"]
[Round "1"]
[White "Navara, David"]
[Black "Topalov, Veselin"]
[Result "1/2-1/2"]
[WhiteElo "2712"]
[BlackElo "2770"]
[PlyCount "62"]
[EventDate "2012.01.14"]

1. c4 e5 2. g3 Nf6 3. Bg2 d5 4. cxd5 Nxd5 5. Nc3 Nb6 6. Nf3 Nc6 7. O-O Be7 8.
a3 O-O 9. b4 Be6 10. Rb1 f6 11. d3 Nd4 12. Nxd4 exd4 13. Ne4 Bd5 14. Bb2 f5 15.
Nd2 Bxg2 16. Kxg2 Kh8 ({RR} 16... Re8 17. Nf3 Bf6 18. Rc1 Kh8 19. a4 a5 20. b5
Qd6 21. Qc2 Rac8 22. Rfe1 c5 23. bxc6 bxc6 24. Qb3 c5 25. Qb5 Nd5 26. Rc4 Nb6
27. Rcc1 Nd5 28. Rc4 Nb6 29. Rc2 Nd5 30. Rc4 {1/2-1/2 (30) Van Wely,L (2681)
-Karjakin,S (2732) Nice 2008}) 17. Nf3 Bf6 18. Qc2 $146 ({RR} 18. a4 a5 19. b5
Re8 20. Re1 c5 21. bxc6 bxc6 22. e3 dxe3 23. Bxf6 gxf6 24. fxe3 Nd5 25. Qd2 Nb4
26. Rbd1 Ra7 27. Nh4 Qd5+ 28. e4 fxe4 29. dxe4 Rxe4 30. Qxd5 cxd5 31. Rxe4 dxe4
32. Rd4 Rc7 {Navara,D (2646)-Karjakin,S (2727) Sochi 2008 1/2-1/2 (44)}) ({RR} 
18. Rc1 Qd7 19. Qb3 Rae8 20. Rc2 f4 21. b5 fxg3 22. hxg3 Nd5 23. Rh1 c6 24.
bxc6 bxc6 25. Bxd4 Qf7 26. Qc4 Re6 27. Bxf6 Qxf6 28. Qh4 h6 29. Qxf6 Rexf6 30.
Rhc1 Ne7 31. Rc5 g5 32. R1c4 Kg7 {Azmaiparashvili,Z (2575)-Chandler,M (2585)
London 1989 1-0 (41)}) 18... Qd7 19. Rfc1 c6 20. a4 f4 21. b5 cxb5 22. axb5 Nd5
23. Nxd4 Rae8 24. Nf3 Bxb2 25. Qxb2 Qe6 26. Qd4 fxg3 27. hxg3 Qxe2 28. Qxd5 Re3
29. Re1 Qxf3+ 30. Qxf3 Rexf3 31. Rb2 Rxd3 1/2-1/2

[Event "74th Tata Steel GMA"]
[Site "Wijk aan Zee NED"]
[Date "2012.01.14"]
[Round "1"]
[White "Gelfand, Boris"]
[Black "Giri, Anish"]
[Result "0-1"]
[WhiteElo "2739"]
[BlackElo "2714"]
[PlyCount "140"]
[EventDate "2012.01.14"]

1. Nf3 d5 2. d4 Nf6 3. c4 c6 4. Qb3 dxc4 5. Qxc4 Bg4 6. Nc3 Nbd7 7. Bf4 ({RR} 
7. e4 e6 8. Be3 Be7 9. Be2 O-O 10. O-O Bh5 11. h3 Bg6 12. e5 Nd5 13. Qb3 Qb6
14. Nd2 Nxe3 15. Qxb6 axb6 16. fxe3 b5 17. a3 Nb6 18. g3 Bg5 19. Kf2 f6 20.
exf6 Bxf6 21. Kg2 Nd5 {Alekseev,E (2708)-Kramnik,V (2788) Moscow 2008 0-1}) ({
RR} 7. e4 Bxf3 8. gxf3 e5 9. Be3 exd4 10. Bxd4 Bd6 11. O-O-O Qc7 12. Ne2 O-O
13. Qc2 Rad8 14. Kb1 Nh5 15. Be3 Ndf6 16. Bg2 Rfe8 17. h4 a6 18. a3 Rb8 19. Rd3
c5 20. Rc1 b6 21. Bf1 Bf8 {Macieja,B (2617)-Coleman,T (2356) Fremont USA 2012
1/2-1/2 (38)}) ({RR} 7. e4 Bxf3 8. gxf3 e5 9. Be3 exd4 10. Bxd4 Bd6 11. O-O-O
Qc7 12. h4 O-O 13. Ne2 Rad8 14. Qc2 Nh5 15. Bh3 Ndf6 16. Qc3 c5 17. Be3 Be5 18.
Qc2 Nf4 19. Nxf4 Bxf4 20. Rdg1 c4 21. Kb1 b5 {Bu Xiangzhi (2708)-Gelfand,B 
(2723) Yerevan 2008 0-1 (31)}) 7... Nb6 8. Qd3 Bxf3 $146 ({RR} 8... Nbd5 9. Bg3
Nb4 10. Qd2 Bxf3 11. gxf3 Qxd4 12. O-O-O Qxd2+ 13. Rxd2 Nbd5 14. Nxd5 Nxd5 15.
e4 Nf6 16. Bh4 Nd7 17. Bh3 Ne5 18. Bg3 Nc4 19. Rd7 e6 20. Rxb7 Bd6 21. Bxd6
Nxd6 22. Rc7 Nb5 23. Rxc6 {Fedder,S-Juhnke,J Groningen 1969 1/2-1/2 (40)}) 9.
gxf3 Nfd5 10. Be5 f6 11. Bg3 Nb4 12. Qb1 Qxd4 13. Bh3 e5 14. O-O Be7 15. Rd1
Qc4 16. e3 Qf7 17. f4 exf4 18. Bxf4 O-O 19. a3 N4d5 20. Nxd5 Nxd5 21. Bg3 f5
22. e4 fxe4 23. Qxe4 Nf6 24. Qe5 Kh8 25. Re1 Bd8 26. Be6 Qg6 27. Qf5 Qxf5 28.
Bxf5 Nd5 29. Be4 Bf6 30. Re2 Nb6 31. Rc1 Rfe8 32. f3 a5 33. b4 axb4 34. axb4
Nd5 35. Be1 Nf4 36. Rec2 Nh3+ 37. Kg2 Ng5 38. Re2 Nxe4 39. fxe4 Rad8 40. b5
cxb5 41. Rb1 Rd5 42. Bg3 Rc5 43. Bd6 Rg5+ 44. Kf3 Re6 45. Bf4 Rc5 46. e5 g5 47.
exf6 Rxf6 48. Re7 Rxf4+ 49. Kg2 Rg4+ 50. Kf3 Rh4 51. Rd1 Rc8 52. Kg3 b6 53. Rb7
Rb4 54. Rxb6 Rc7 55. h4 gxh4+ 56. Kh3 Kg7 57. Rd3 Kf7 58. Re3 Kg7 59. Rf3 Rf7
60. Rd3 Rf6 61. Rb8 Rc6 62. Rf3 Kh6 63. Rb7 Kg6 64. Rb8 Rc5 65. Rg8+ Kh5 66.
Rg7 h6 67. Rg1 Rd4 68. Kh2 b4 69. Rg8 Rc2+ 70. Kh3 Rc3 0-1

[Event "74th Tata Steel GMA"]
[Site "Wijk aan Zee NED"]
[Date "2012.01.14"]
[Round "1"]
[White "Radjabov, Teimour"]
[Black "Caruana, Fabiano"]
[Result "1/2-1/2"]
[WhiteElo "2773"]
[BlackElo "2736"]
[PlyCount "53"]
[EventDate "2012.01.14"]

1. d4 Nf6 2. c4 g6 3. Nc3 d5 4. cxd5 Nxd5 5. e4 Nxc3 6. bxc3 Bg7 7. Be3 c5 8.
Rc1 Qa5 9. Qd2 cxd4 10. cxd4 Qxd2+ 11. Bxd2 O-O 12. Nf3 e6 13. h4 Nc6 14. e5
Rd8 15. Bg5 Re8 16. Be3 h6 17. Bd3 $146 ({RR} 17. Nd2 Rd8 18. Rc4 Bd7 19. Ne4
Ne7 20. f3 Bc6 21. Kf2 Bd5 22. Rc2 Nf5 23. Nc3 Bc6 24. Ne2 Rac8 25. g4 Nxe3 26.
Kxe3 Bd5 27. Rd2 Bf8 28. Bg2 Bb4 29. Rb2 Ba3 30. Rd2 Rc7 31. Rd3 Be7 {
Bernadskiy,V (2439)-Bok,B (2513) Wijk aan Zee NED 2011 0-1 (65)}) 17... Bd7 18.
Rb1 Rab8 19. Nd2 Ne7 20. Ne4 Bc6 21. g4 Red8 22. Ke2 Nd5 23. Rhc1 Bf8 24. Bd2
Nb6 25. Be3 Nd5 26. Bd2 Nb6 27. Be3 1/2-1/2

[Event "74th Tata Steel GMA"]
[Site "Wijk aan Zee NED"]
[Date "2012.01.14"]
[Round "1"]
[White "Karjakin, Sergey"]
[Black "Aronian, Levon"]
[Result "0-1"]
[WhiteElo "2769"]
[BlackElo "2805"]
[PlyCount "84"]
[EventDate "2012.01.14"]

1. e4 e5 2. Nf3 Nc6 3. Bb5 a6 4. Ba4 Nf6 5. O-O Be7 6. d3 b5 7. Bb3 O-O 8. a4
b4 ({RR} 8... Rb8 9. axb5 axb5 10. h3 d6 11. Be3 Be6 12. Bxe6 fxe6 13. Nbd2 Qd7
14. c3 b4 15. Nc4 Ra8 16. Qb3 bxc3 17. bxc3 Rfb8 18. Qc2 Nd8 19. Ra2 Rxa2 20.
Qxa2 Nf7 21. Qa6 h6 22. Ra1 c5 23. g3 {Topalov,V (2735)-Shirov,A (2737) Bastia
2003 1-0 (58)}) ({RR} 8... Na5 9. Ba2 d6 10. axb5 axb5 11. b4 Nc6 12. Bxf7+
Rxf7 13. Rxa8 h6 14. Nc3 Nxb4 15. Nxb5 Rf8 16. Na7 Qd7 17. Rxc8 Rxc8 18. Nxc8
Qxc8 19. Bd2 Nc6 20. Qa1 Nd8 21. Qa2+ Kh7 22. h3 Ne6 23. Rb1 {Banas,J (2320)
-Sebo,V (1966) Senica SVK 2011 1-0 (36)}) 9. Nbd2 Bc5 $146 ({RR} 9... d6 10.
Nc4 Bg4 11. c3 bxc3 12. bxc3 Rb8 13. Ba2 d5 14. Ne3 Bxf3 15. Qxf3 d4 16. Nd5
dxc3 17. Nxc3 Nd4 18. Qd1 c6 19. Ne2 Bc5 20. Bc4 a5 21. h3 Ne8 22. Be3 Rb2 23.
Nxd4 Bxd4 24. Rb1 {Amonatov,F (2602)-Bogdanovich,S (2464) St Petersburg RUS
2010 1-0 (39)}) ({RR} 9... d6 10. h3 Rb8 11. Re1 h6 12. Ba2 Nd7 13. Nb3 Bf6 14.
d4 Nb6 15. d5 Ne7 16. a5 Na4 17. Nbd2 Nc5 18. Nc4 Ng6 19. c3 bxc3 20. bxc3 Nh4
21. Ba3 Rb5 22. Rb1 Qd7 23. Rxb5 Nxg2 24. Rxc5 {Lukin,A (2465)-Tseitlin,M 
(2490) Telavi 1982 1/2-1/2 (65)}) 10. h3 d6 11. c3 Rb8 12. Re1 Re8 13. a5 Ba7
14. Nf1 Ne7 15. Ng3 Ng6 16. d4 h6 17. Bc2 c5 18. dxe5 dxe5 19. Bd3 Be6 20. Bxa6
c4 21. Ra4 Qc7 22. cxb4 Bxf2+ 23. Kxf2 Qa7+ 24. Be3 Qxa6 25. Kg1 Red8 26. Qc1
Rd3 27. Rd1 Rb3 28. Qd2 Kh7 29. Kh2 Rb7 30. Qf2 Bd7 31. Ra2 R7xb4 32. Nh5 Bc8
33. Nxf6+ Qxf6 34. Kg1 Bb7 35. Nd2 Qxf2+ 36. Bxf2 Rd3 37. a6 Bxe4 38. Re1 Ba8
39. Ne4 Nf4 40. a7 f6 41. h4 c3 42. Nc5 c2 0-1

[Event "74th Tata Steel GMA"]
[Site "Wijk aan Zee NED"]
[Date "2012.01.14"]
[Round "1"]
[White "Nakamura, Hikaru"]
[Black "Ivanchuk, Vassily"]
[Result "1/2-1/2"]
[WhiteElo "2759"]
[BlackElo "2766"]
[PlyCount "42"]
[EventDate "2012.01.14"]

1. c4 c6 2. d4 d5 3. Nf3 e6 4. Nc3 dxc4 5. g3 b5 6. Bg2 Bb7 7. Ne5 Qc8 ({RR} 
7... f6 8. Nf3 Nd7 9. O-O Ne7 10. e4 Ng6 11. h4 Bb4 12. h5 Ne7 13. a3 Bxc3 14.
bxc3 Nb6 15. Nh2 O-O 16. h6 g6 17. Ng4 Nd7 18. a4 f5 19. Ne5 Nxe5 20. dxe5 fxe4
21. Ba3 Qxd1 22. Rfxd1 {Maze,S (2571)-Bauer,C (2633) Nice FRA 2011 0-1 (53)}) (
{RR} 7... a6 8. O-O Nf6 9. a4 Qc8 10. e4 Be7 11. Bg5 h6 12. Be3 O-O 13. Ng4
Nxg4 14. Qxg4 e5 15. Qh5 exd4 16. Bxd4 Nd7 17. Bh3 Qc7 18. Rad1 Bc8 19. e5 b4
20. Ne4 c5 21. Be3 Qxe5 22. Bf5 {Swiercz,D (2540)-Bartel,M (2617) Warsaw POL
2011 0-1 (50)}) 8. O-O Nd7 $146 ({RR} 8... Nf6 9. e4 Be7 10. d5 O-O 11. Qe2 Re8
12. f4 exd5 13. exd5 Nxd5 14. Qh5 g6 15. Qh6 Bf8 16. Qh4 Nxc3 17. bxc3 Nd7 18.
Nxf7 Kxf7 19. Qxh7+ Bg7 20. f5 gxf5 21. Bh6 Rg8 22. Rxf5+ Nf6 23. Raf1 {
Wuestnienhaus,A (1889)-Stroessner,L (1744) Germany 2007 1-0}) 9. b3 b4 10. Ne4
Nxe5 11. dxe5 c3 12. Qd3 a5 13. Be3 f5 14. exf6 Nxf6 15. Nxf6+ gxf6 16. Bf3 Kf7
17. Rfd1 h5 18. a4 Rb8 19. Ba7 Ra8 20. Be3 Rb8 21. Ba7 Ra8 1/2-1/2

[Event "74th Tata Steel GMA"]
[Site "Wijk aan Zee NED"]
[Date "2012.01.14"]
[Round "1"]
[White "Carlsen, Magnus"]
[Black "Gashimov, Vugar"]
[Result "1-0"]
[WhiteElo "2835"]
[BlackElo "2761"]
[PlyCount "133"]
[EventDate "2012.01.14"]

1. Nf3 {Stohl} Nf6 2. c4 c5 3. Nc3 e6 4. g3 b6 5. Bg2 Bb7 6. O-O Be7 7. d4 cxd4
8. Qxd4 d6 9. Bg5 ({RR} 9. Rd1) ({RR} 9. b3) 9... a6 ({RR} 9... h6) 10. Bxf6 ({
RR} 10. Rfd1 Nbd7 11. Qd2 Qc8 12. b3 O-O 13. Rac1 Rd8 14. Qb2 Qc7 15. a4 Rac8
16. Ne1 Bxg2 17. Nxg2 Ne5 18. Be3 Qb7 19. f3 Nc6 20. Nf4 h6 21. g4 Ne5 22. Bf2
Ne8 23. Bg3 g6 24. Qd2 Bf6) 10... Bxf6 11. Qf4 ({RR} 11. Qd3 Qc7 ({RR} 11...
Ra7) 12. Rad1 Be7 13. Nd4 Bxg2 14. Kxg2 Nc6 15. f4 O-O) 11... O-O 12. Rfd1 Be7
13. Ne4 Bxe4 ({RR} 13... e5 14. Qe3) 14. Qxe4 Ra7 15. Nd4 ({RR} 15. Rac1 Qc8
16. b3 Qc5 17. Nd2 Nd7 18. Nb1 Nf6 19. Qd3 b5 20. cxb5 Qxb5 21. Qd4 Qb8 22. Nc3
Rc7 23. Ne4 d5) ({RR} 15. Qe3 Rc7 ({RR} 15... Nc6) 16. Rac1 Qc8 17. Nd4 Rxc4 ({
RR} 17... Re8) 18. Nc6 Nxc6 19. Rxc4 d5 20. Rcc1) 15... Rc7 ({RR} 15... Qc8 16.
b3 Re8 ({RR} 16... Bf6 17. a4 Rd8 18. Qe3 Qc5 19. Ra2 Bxd4 20. Rxd4 a5 21. Rad2
Rad7) 17. a4 Qc5 18. Ra2 Bf6 19. Rad2 Rc7 20. Qb1 Be7 21. b4 Qh5 22. Rc2 Rec8)
16. Rd2 ({RR} 16. b3 Rc5 17. a4 Qc7 18. Qb1 Nd7 ({RR} 18... Rc8 19. Ra2 Bf8 20.
e3 Qe7 21. Rc2 g6 22. Qa2 Qg5 23. h4 Qf6 24. b4 R5c7 25. b5 a5 26. Nc6 Nd7 27.
Rcd2 Nc5 28. Qc2 Qg7 29. f4 Kh8 30. Bf3 Re8 31. Kg2 f5 32. e4 e5 33. fxe5) 19.
e3 ({RR} 19. Ra2 Nf6 20. Nc2 Rd8 21. Nb4 Qc8 22. Nd3 Rc7 23. Rc1 d5 24. cxd5
Rxc1+ 25. Qxc1 Qxc1+ 26. Nxc1 Nxd5 27. Bxd5 Rxd5 28. Nd3 b5) 19... Qc8 ({RR} 
19... Nf6 20. Ra2 d5) 20. Ra2 Nf6 21. Rc2 a5 ({RR} 21... Rd8 22. b4 Rxc4 23.
Rxc4 Qxc4 24. Rc1) 22. Rdd2 ({RR} 22. Nb5 d5) ({RR} 22. Rcd2 d5 ({RR} 22... Rd8
23. Nb5 Ne8 ({RR} 23... d5 24. cxd5 Nxd5 25. Bxd5 Rdxd5 26. Rxd5 exd5 ({RR} 
26... Rxd5 27. Rxd5 exd5 28. Qd3) 27. Qd3) 24. Rd3) 23. cxd5 Nxd5 24. Nf5)
22... Rd8 23. Nb5 g6 24. Qd1 Ne8 25. Bf3 Qd7 26. Rd3 Nc7 27. Rcd2 ({RR} 27. Nc3
Na6 28. Ne4 Nb4 29. Rxd6 ({RR} 29. Nxc5 bxc5) 29... Qxd6 30. Nxd6 Nxc2) 27...
Nxb5 28. axb5 Bf8 29. Bc6 Qe7 30. Rd4 Qf6 {Kasparov,G (2817)-Adams,M (2731)
Moscow 2004 CBM 102 [Stohl] 1/2-1/2 (45)}) ({RR} 16. b3 Rc5 17. a4 Qc7 18. e3
Rc8 19. Qb1 Bf6 20. Ra2 Rd8 21. Rc2 d5 22. Rdc1 Rc8 23. cxd5 Bxd4 24. Rxc5 Bxc5
25. b4 exd5 26. bxc5 bxc5 27. Bxd5 Nd7 28. Qf5 Nb6 29. Ba2 g6 30. Qf6 Nxa4 {
Matamoros Franco,C (2542)-Dvirnyy,D (2448) Forni di Sopra ITA 2011 1/2-1/2 (54)
}) ({RR} 16. b3 Rc5 17. a4 Bf6 18. e3 Re8 19. Ra2 Qc7 20. Rad2 d5 21. cxd5 Rxd5
22. b4 Rdd8 23. Nc6 Rxd2 24. Rxd2 Qxc6 25. Qxc6 Nxc6 26. Bxc6 Rd8 27. Rxd8+
Bxd8 28. Bb7 {1/2-1/2 (28) Pelletier,Y (2596)-Gashimov,V (2734) Guingamp 2010})
16... Rc5 17. Rad1 Qc7 18. b3 Kh8 $146 ({RR} 18... Re5 19. Qb1 Rc5 20. Rc2 Rc8
21. Bh3 Qd7 22. Rcd2 Nc6 23. e3 b5 24. Bg2 Ne5 25. cxb5 axb5 26. h3 b4 27. Qe4
Qa7 28. Kh2 Qb6 29. Ra1 Nc6 30. Nxc6 R5xc6 31. Rad1 R6c7 32. Qd4 Qa5 33. h4 {
Mastrovasilis,A (2503)-Jeremic,V (2487) Leros 2009 1/2-1/2 (45)}) ({RR} 18...
b5 19. cxb5 axb5 20. Qd3 Qb6 21. Rc2 d5 22. e3 b4 23. Rdc1 Nd7 24. Bf1 Ra8 25.
Rxc5 Nxc5 26. Qe2 g6 27. Rc2 Bf6 28. Qb5 Qxb5 29. Nxb5 Ne4 30. Bd3 Nc3 31. Nxc3
Bxc3 32. Bb5 Ra5 33. Ba4 {Pogorelov,R (2441)-Strikovic,A (2523) Pamplona 2009
1/2-1/2 (56)}) 19. Qb1 Nd7 20. e3 Qc8 21. Rc2 Rc7 22. a4 Rd8 23. Qa2 Ne5 24. h3
Bf6 25. Rcd2 Rc5 26. f4 Ng6 27. Rd3 h6 28. Qd2 e5 29. Nc2 b5 30. axb5 axb5 31.
Na3 bxc4 32. Nxc4 d5 33. Bxd5 Qxh3 34. Qg2 Qxg2+ 35. Kxg2 exf4 36. exf4 Rc7 37.
Ne3 Rcd7 38. Ng4 Bb2 39. Nf2 f6 40. Be4 Nf8 41. b4 Rxd3 42. Nxd3 Bc3 43. Rc1
Bd4 44. Nc5 Be3 45. Rc3 Rd2+ 46. Kf3 Bd4 47. Rc4 g6 48. Nd3 Bg1 49. Rc8 Kg7 50.
Rc7+ Kg8 51. f5 g5 52. g4 Bh2 53. Rb7 Rc2 54. Nc5 Rc3+ 55. Ke2 h5 56. gxh5 g4
57. Ne6 Rc8 58. b5 Rb8 59. Rxb8 Bxb8 60. Bd5 Ba7 61. Kf1 Be3 62. Kg2 Kf7 63.
Nxf8+ Kxf8 64. Kg3 Ke7 65. Kxg4 Kd6 66. Kf3 Bd2 67. b6 1-0

[Event "74th Tata Steel GMA"]
[Site "Wijk aan Zee NED"]
[Date "2012.01.14"]
[Round "1"]
[White "Kamsky, Gata"]
[Black "Van Wely, Loek"]
[Result "1/2-1/2"]
[WhiteElo "2732"]
[BlackElo "2692"]
[PlyCount "81"]
[EventDate "2012.01.14"]

1. c4 g6 2. g3 c6 3. Nf3 d5 4. Bg2 Bg7 5. d4 Nf6 6. O-O O-O 7. Qb3 Qb6 8. Nc3
Qxb3 9. axb3 Bf5 10. h3 $146 ({RR} 10. Ne5 Rd8 11. Bf4 Nbd7 12. Nxd7 Rxd7 13.
Be5 Rdd8 14. cxd5 Nxd5 15. Nxd5 cxd5 16. Bxg7 Kxg7 17. Rfc1 Rd7 18. Rc5 e6 19.
f3 g5 20. Kf2 Rd6 21. e4 Bg6 22. exd5 exd5 23. Bf1 h6 24. b4 b6 {Jakovenko,D 
(2710)-Amonatov,F (2637) Moscow 2007 1-0 (86)}) ({RR} 10. Ne5 Rd8 11. f4 Na6
12. Nxc6 bxc6 13. Rxa6 dxc4 14. b4 Nd5 15. e4 Bc8 16. Rxc6 Bxd4+ 17. Kh1 Nxb4
18. Rc7 Rd7 19. Rxc8+ Rxc8 20. Bh3 e6 21. f5 Re8 22. Nb5 Be5 23. fxe6 fxe6 24.
Na3 Rf7 {Gofshtein,L (2550)-Vydeslaver,A (2305) Ramat Gan 1992 0-1}) 10... h5
11. Bf4 Nbd7 12. cxd5 cxd5 13. Rfc1 Rfc8 14. Ne5 Nb6 15. Kh2 a6 16. Bg5 Bf8 17.
Be3 Rd8 18. Bf3 Rac8 19. g4 hxg4 20. hxg4 Be4 21. Nxe4 Nxe4 22. Kg2 Bg7 23. Bf4
e6 24. e3 Bf6 25. Nd3 Nd7 26. b4 Re8 27. Rxc8 Rxc8 28. b5 Rc2 29. bxa6 bxa6 30.
Rc1 Rxc1 31. Nxc1 e5 32. dxe5 Nxe5 33. Bxe5 Bxe5 34. Nd3 Bd6 35. Bd1 Nc5 36.
Nb4 Na4 37. Bxa4 Bxb4 38. Bc6 g5 39. Bxd5 Kg7 40. Kf3 a5 41. b3 1/2-1/2

[Event "74th Tata Steel GMA"]
[Site "Wijk aan Zee NED"]
[Date "2012.01.15"]
[Round "2"]
[White "Gashimov, Vugar"]
[Black "Kamsky, Gata"]
[Result "1/2-1/2"]
[WhiteElo "2761"]
[BlackElo "2732"]
[PlyCount "81"]
[EventDate "2012.01.14"]

1. e4 e5 2. Nf3 Nc6 3. Bb5 a6 4. Ba4 Nf6 5. O-O Be7 6. Re1 b5 7. Bb3 O-O 8. h3
Bb7 9. d3 d5 10. exd5 Nxd5 11. Nxe5 Nxe5 12. Rxe5 Qd6 13. Re1 Rae8 14. Nd2 c5
15. c3 $146 ({RR} 15. a4 Bd8 16. Ne4 Qc6 17. axb5 axb5 18. c4 Nc7 19. Bf4 Kh8
20. cxb5 Nxb5 21. Ba4 Re6 22. Qb3 Ba6 23. Nd6 Rg6 24. g3 Rxd6 25. Bxb5 Bxb5 26.
Bxd6 c4 27. dxc4 Bxc4 28. Rac1 Qxd6 29. Rxc4 Bb6 {Sredojevic,I (2336)
-Spasojevic,M (2188) Belgrade 2006 1-0 (33)}) ({RR} 15. a4 c4 16. dxc4 Nf4 17.
Ne4 Nxh3+ 18. gxh3 Qxd1 19. Rxd1 bxc4 20. Bxc4 Bxe4 21. c3 Bf5 22. Bxa6 Bxh3
23. Bb5 Rb8 24. Kh2 Bg4 25. Rd4 f5 26. Bf4 Rb6 27. Re1 Bc5 28. Rd2 Rb7 29. b4
Re7 {Nadig,K (2213)-Hegde,N (2054) Mumbai 2008 1-0 (37)}) 15... Bd8 16. Ne4 Qg6
17. Bd2 Nf6 18. Bc2 c4 19. Qf3 Kh8 20. Qg3 cxd3 21. Qxg6 hxg6 22. Nxf6 Rxe1+
23. Rxe1 dxc2 24. Nd7 Rg8 25. Rc1 Re8 26. Rxc2 Bc8 27. Nc5 Bf5 28. Rc1 Re2 29.
Be3 Rxb2 30. Nxa6 Rxa2 31. Nb4 Rb2 32. Bd4 Be6 33. Re1 Bc7 34. Na6 Bf4 35. Nc5
Bc4 36. Nd7 Re2 37. Rxe2 Bxe2 38. f3 f6 39. Kf2 Bc4 40. Be3 Bd6 41. Bc5 1/2-1/2

[Event "74th Tata Steel GMA"]
[Site "Wijk aan Zee NED"]
[Date "2012.01.15"]
[Round "2"]
[White "Aronian, Levon"]
[Black "Nakamura, Hikaru"]
[Result "1-0"]
[WhiteElo "2805"]
[BlackElo "2759"]
[PlyCount "117"]
[EventDate "2012.01.14"]

1. d4 f5 2. g3 Nf6 3. Bg2 g6 4. Nf3 Bg7 5. O-O O-O 6. c4 d6 7. Nc3 c6 8. Qb3
Kh8 9. Rd1 Na6 ({RR} 9... Ne4 10. Be3 Nxc3 11. Qxc3 Nd7 12. Qa3 h6 13. c5 d5
14. Nh4 Kh7 15. f4 Nf6 16. Nf3 Bd7 17. Ne5 Be8 18. b4 Ne4 19. Qc1 e6 20. Bf3
Bf6 21. Bxe4 dxe4 22. h4 Qe7 23. Kg2 Rd8 24. a4 {Nielsen,P (2680)-Nakamura,H 
(2710) Amsterdam 2009 1/2-1/2 (89)}) ({RR} 9... Qc7 10. Qa3 {1/2-1/2 (10)
Galarza Bilbao,X (2147)-Monje Peinado,R (2013) Bergara 2010}) 10. Qa3 Nc7 11.
d5 c5 12. b4 $146 ({RR} 12. Rb1 a5 13. Qb3 Rb8 14. Bd2 b6 15. Re1 e5 16. dxe6
Bxe6 17. Qa4 d5 18. cxd5 Ncxd5 19. Rbd1 Qe8 20. Qh4 Nxc3 21. Bxc3 Ne4 22. Bxg7+
Kxg7 23. b3 h6 24. Qf4 Qe7 25. Ne5 g5 26. Qe3 Rbe8 {Milchev,N (2377)
-Panbukchian,V (2313) Plovdiv 2009 1/2-1/2 (32)}) 12... cxb4 13. Qxb4 Na6 14.
Qb1 Bd7 15. Nb5 Rc8 16. Nd2 Qb6 17. e3 Nc5 18. a4 Qa5 19. Ba3 a6 20. Bb4 Qd8
21. Nd4 Nxa4 22. Ne6 Bxe6 23. dxe6 Qe8 24. Bxb7 Rb8 25. Bxa6 Nc3 26. Bxc3 Rxb1
27. Rdxb1 g5 28. Rb7 Ng8 29. Bxg7+ Kxg7 30. Rb5 Qg6 31. c5 dxc5 32. Rxc5 Qxe6
33. Nf3 Qd6 34. Nd4 Kh8 35. Rc6 Qd7 36. Rac1 f4 37. Bc8 Qa7 38. Ne6 Rf6 39.
exf4 gxf4 40. Rc7 Qa4 41. Nxf4 Rd6 42. Be6 Rd1+ 43. Rxd1 Qxd1+ 44. Kg2 Nf6 45.
Rxe7 Qe1 46. Rf7 Qe4+ 47. f3 Qd4 48. Kh3 Qe5 49. Kh4 Qd4 50. Bg4 Qe5 51. Ne6 h6
52. Rf8+ Ng8 53. f4 Qb2 54. Kh3 Qa1 55. Bh5 Kh7 56. Rf7+ Kh8 57. Bg6 Nf6 58.
Rf8+ Ng8 59. Bf7 1-0

[Event "74th Tata Steel GMA"]
[Site "Wijk aan Zee NED"]
[Date "2012.01.15"]
[Round "2"]
[White "Ivanchuk, Vassily"]
[Black "Carlsen, Magnus"]
[Result "1/2-1/2"]
[WhiteElo "2766"]
[BlackElo "2835"]
[PlyCount "114"]
[EventDate "2012.01.14"]

1. Nf3 d5 2. d4 Nf6 3. c4 e6 4. Nc3 Be7 5. Bg5 h6 6. Bh4 O-O 7. e3 Ne4 8. Bxe7
Qxe7 9. Rc1 c6 10. Be2 Nxc3 11. Rxc3 dxc4 12. Bxc4 Nd7 13. O-O b6 14. Qc2 Bb7
15. Bd3 c5 16. Bh7+ Kh8 17. Be4 Bxe4 18. Qxe4 Rac8 $146 ({RR} 18... Rfe8 19.
Rfc1 Kg8 20. h3 e5 {1/2-1/2 (20) Laurusas,T (2302)-Krivonosov,O (2440) Palanga
LTU 2011}) 19. Rfc1 Rc7 20. Qc2 Rfc8 21. h3 Nf6 22. Rc4 Ne8 23. dxc5 Rxc5 24.
Qb3 Rxc4 25. Rxc4 Rxc4 26. Qxc4 Nd6 27. Qc6 Kg8 28. Ne5 Qd8 29. Nd7 Ne4 30. b3
Nf6 31. Ne5 Nd5 32. g3 Qe7 33. h4 g6 34. Kg2 Kg7 35. Nd3 Qd8 36. Qc4 Nf6 37. e4
g5 38. hxg5 hxg5 39. Qc3 Kg8 40. Kf3 Nd7 41. Ke3 Nf6 42. a4 Ng4+ 43. Kf3 Nf6
44. b4 Qd7 45. b5 Qd8 46. Ke3 Ng4+ 47. Ke2 Nf6 48. Qc4 Qa8 49. Ke3 Qd8 50. Kf3
Kg7 51. Qc3 Qh8 52. Qd4 Qh1+ 53. Ke3 Qd1 54. Ne5 Qe1+ 55. Kf3 Qh1+ 56. Ke3 Qe1+
57. Kf3 Qh1+ 1/2-1/2

[Event "74th Tata Steel GMA"]
[Site "Wijk aan Zee NED"]
[Date "2012.01.15"]
[Round "2"]
[White "Giri, Anish"]
[Black "Radjabov, Teimour"]
[Result "1/2-1/2"]
[WhiteElo "2714"]
[BlackElo "2773"]
[PlyCount "47"]
[EventDate "2012.01.14"]

1. d4 Nf6 2. c4 g6 3. Nc3 Bg7 4. e4 d6 5. f3 O-O 6. Be3 c5 7. Nge2 Nc6 8. d5
Ne5 9. Ng3 h5 10. Be2 a6 11. a4 e6 12. O-O exd5 13. cxd5 Bd7 14. h3 h4 15. Nh1
b5 16. Bg5 b4 17. Nb1 c4 18. Bxh4 Re8 $146 ({RR} 18... Qa5 19. Nd2 c3 20. Nb3
Qc7 21. bxc3 bxc3 22. Qc2 Rfc8 23. Bf2 Nh5 24. Qc1 Nc4 25. g4 Nd2 26. Nxd2 Nf4
27. Bd1 cxd2 28. Qxc7 Rxc7 29. Ra2 Nxh3+ 30. Kg2 Nxf2 31. Nxf2 Bc3 32. f4 Rb8
33. g5 {Dreev,A (2705)-Espinosa Flores,R (2415) Merida 2003 1/2-1/2 (45)}) 19.
f4 Nd3 20. Bxd3 cxd3 21. Qxd3 Rxe4 22. Nd2 Re8 23. Ng3 Qb6+ 24. Kh2 1/2-1/2